[Event "Mumbai Aurionpro GM op"]
[Site "Mumbai"]
[Date "2025.06.16"]
[Round "1"]
[White "Nguyen, Van Huy"]
[Black "Laddad, Aadhavan Atish"]
[Result "1-0"]
[WhiteElo "2337"]
[BlackElo "1796"]
[PlyCount "87"]
[EventDate "2025.06.16"]
[EventType "swiss"]
[EventRounds "9"]
[EventCountry "IND"]
[SourceTitle "CB26_2025"]
[SourceDate "2025.06.25"]
[SourceVersion "1"]
[SourceVersionDate "2025.06.25"]
[SourceQuality "1"]

1. d4 Nf6 2. Nf3 e6 3. c4 d5 4. g3 Be7 5. Bg2 0-0 6. 0-0 dxc4 7. Qc2 a6 8. a4 Bd7 9. Rd1 Bc6 10. Bg5 Be4 11. Qxc4 Bd5 12. Qc2 Be4 13. Qc1 Bxb1 14. Qxb1 a5 15. e4 Na6 16. h3 c6 17. Be3 h6 18. Ne5 Nb4 19. Rd2 Qc7 20. Nc4 b5 21. Bf4 Qd8 22. axb5 cxb5 23. Na3 g5 24. Be3 Rb8 25. Qf1 Qd7 26. f4 Nh7 27. Qe2 Kg7 28. Rf1 f5 29. d5 exd5 30. Bd4+ Kg8 31. Qh5 Bf6 32. e5 Bg7 33. Bc5 Rfc8 34. Bxb4 axb4 35. Nc2 b3 36. Nd4 Kh8 37. Kh2 Rf8 38. Nxb3 Qa7 39. Nd4 Qa5 40. Qe2 Qb6 41. Rc1 Rbc8 42. Rxc8 Rxc8 43. Nxf5 Rc1 44. Qe3 1-0

[Event "Mumbai Transganization op"]
[Site "Mumbai"]
[Date "2024.01.27"]
[Round "6"]
[White "Laddad, Aadhavan Atish"]
[Black "Kumbhar, Kartik"]
[Result "0-1"]
[WhiteElo "1063"]
[BlackElo "1366"]
[PlyCount "92"]
[EventDate "2024.01.25"]
[EventType "swiss"]
[EventRounds "8"]
[EventCountry "IND"]
[SourceTitle "CBM 218 Extra"]
[Source "ChessBase"]
[SourceDate "2024.03.31"]
[SourceVersion "1"]
[SourceVersionDate "2024.03.31"]
[SourceQuality "1"]

1. e4 e5 2. Nf3 Nc6 3. Bc4 Bc5 4. c3 Nf6 5. d3 d6 6. a4 a5 7. h3 0-0 8. 0-0 Be6 9. Ba2 Ba7 10. Re1 h6 11. d4 Bxa2 12. Rxa2 Re8 13. d5 Ne7 14. c4 Ng6 15. g3 Qd7 16. Kg2 Bxf2 17. Kxf2 Qxh3 18. Rg1 Nxe4+ 19. Ke1 Nxg3 20. b3 e4 21. Nd4 Ne5 22. Rag2 Nf3+ 23. Kf2 Nxg1 24. Qxg1 e3+ 25. Ke1 Nh5 26. Nc3 Re5 27. Kd1 Rae8 28. Rh2 Rg5 29. Qh1 Qg4+ 30. Nde2 Nf4 31. Rh4 Nd3 32. Ne4 Qg2 33. Qxg2 Rxg2 34. N4g3 Nxc1 35. Kxc1 Rxg3 36. Nxg3 e2 37. Nxe2 Rxe2 38. Kb1 Kh7 39. c5 g5 40. cxd6 cxd6 41. Rc4 Re7 42. Kc2 h5 43. b4 axb4 44. Rxb4 h4 45. a5 h3 46. Rb3 g4 0-1

[Event "Mumbai Transganization op"]
[Site "Mumbai"]
[Date "2024.01.25"]
[Round "2"]
[White "Soni, Atharv"]
[Black "Laddad, Aadhavan Atish"]
[Result "1-0"]
[WhiteElo "1549"]
[BlackElo "1063"]
[PlyCount "57"]
[EventDate "2024.01.25"]
[EventType "swiss"]
[EventRounds "8"]
[EventCountry "IND"]
[SourceTitle "CBM 218 Extra"]
[Source "ChessBase"]
[SourceDate "2024.03.31"]
[SourceVersion "1"]
[SourceVersionDate "2024.03.31"]
[SourceQuality "1"]

1. e4 e6 2. d4 d5 3. Nd2 Nf6 4. e5 Nfd7 5. Bd3 c5 6. c3 Nc6 7. Ne2 b6 8. 0-0 Bb7 9. a3 Qc7 10. b4 c4 11. Bc2 b5 12. f4 g6 13. g4 h5 14. f5 exf5 15. gxf5 g5 16. Nf3 g4 17. Ng5 f6 18. Ne6 Qb6 19. exf6 Nxf6 20. Bf4 Rc8 21. Bg5 Kf7 22. Qe1 Be7 23. N2f4 Nb8 24. Ng6 Rhe8 25. Ne5+ Kg8 26. Qh4 Nc6 27. Bxf6 Bxf6 28. Qxf6 Re7 29. Nxc6 1-0